|
|
|
|
| LEADER |
01067nam a2200325 a 4500 |
| 001 |
nkc20081797739 |
| 003 |
CZ PrNK |
| 005 |
20080605104507.0 |
| 007 |
ta |
| 008 |
080326s2007 xr acfhg 000 f cze |
| 015 |
|
|
|a cnb001797739
|
| 020 |
|
|
|a 978-80-86159-65-2
|q (váz.)
|
| 035 |
|
|
|a (OCoLC)228783124
|
| 040 |
|
|
|a OLA001
|b cze
|d ABA001
|
| 072 |
|
7 |
|a 821.162.3-3
|x Česká próza
|2 Konspekt
|9 25
|
| 080 |
|
|
|a 821.162.3-3
|2 MRF
|
| 080 |
|
|
|a (0:82-3)
|2 MRF
|
| 100 |
1 |
|
|a Bor, D. Ž.,
|d 1932-2010
|7 jo2001008482
|4 aut
|
| 245 |
1 |
0 |
|a Útěky domů :
|b příběhy minulých a budoucích životů /
|c D.Ž. Bor
|
| 250 |
|
|
|a Vyd. 1.
|
| 260 |
|
|
|a Praha :
|b Trigon,
|c 2007
|
| 300 |
|
|
|a 255 s., vii s. obr. příl. :
|b il., portréty, faksim. ;
|c 24 cm
|
| 504 |
|
|
|a Obsahuje bibliografické odkazy
|
| 655 |
|
7 |
|a české prózy
|7 fd133972
|2 czenas
|
| 655 |
|
9 |
|a Czech prose
|2 eczenas
|
| 910 |
2 |
|
|a BOA001
|b 2-1199.923
|
| 990 |
|
|
|a BK
|
| 995 |
|
|
|a 01
|
| 991 |
|
|
|b 200804
|
| 996 |
6 |
|
|b 2610339173
|c 2-1199.923
|l MZK
|r Sklad / do 1 hodiny
|n 0
|p p.v.
|w 000890653
|u 000010
|a 1
|e BOA001
|j MZK50
|s P
|